<?xml version="1.0" encoding="UTF-8"?>
<record
    xmlns:xsi="http://www.w3.org/2001/XMLSchema-instance"
    xsi:schemaLocation="http://www.loc.gov/MARC21/slim http://www.loc.gov/standards/marcxml/schema/MARC21slim.xsd"
    xmlns="http://www.loc.gov/MARC21/slim">

  <leader>03043mam a2200385 a 4500</leader>
  <controlfield tag="001">1950532</controlfield>
  <controlfield tag="005">20170105102937.0</controlfield>
  <controlfield tag="008">960612s1997    enkb     b    001 0 eng  </controlfield>
  <datafield tag="010" ind1=" " ind2=" ">
    <subfield code="a">   96027847 </subfield>
  </datafield>
  <datafield tag="020" ind1=" " ind2=" ">
    <subfield code="a">0333646665 (cloth)</subfield>
  </datafield>
  <datafield tag="020" ind1=" " ind2=" ">
    <subfield code="a">0312164211 (cloth)</subfield>
  </datafield>
  <datafield tag="035" ind1=" " ind2=" ">
    <subfield code="a">(OCoLC)ocm34966185</subfield>
  </datafield>
  <datafield tag="035" ind1=" " ind2=" ">
    <subfield code="a">(NNC)1950532</subfield>
  </datafield>
  <datafield tag="040" ind1=" " ind2=" ">
    <subfield code="a">DLC</subfield>
    <subfield code="c">DLC</subfield>
    <subfield code="d">OrLoB-B</subfield>
  </datafield>
  <datafield tag="043" ind1=" " ind2=" ">
    <subfield code="a">a-pk---</subfield>
  </datafield>
  <datafield tag="050" ind1="0" ind2="0">
    <subfield code="a">DS384</subfield>
    <subfield code="b">.M2718 1997</subfield>
  </datafield>
  <datafield tag="082" ind1="0" ind2="0">
    <subfield code="a">320.95491</subfield>
    <subfield code="2">20</subfield>
    <subfield code="b">MAL 1997</subfield>
  </datafield>
  <datafield tag="100" ind1="1" ind2=" ">
    <subfield code="a">Malik, Iftikhar Haider,</subfield>
    <subfield code="d">1949-</subfield>
  </datafield>
  <datafield tag="245" ind1="1" ind2="0">
    <subfield code="a">State and civil society in Pakistan :</subfield>
    <subfield code="b">politics of authority, ideology, and ethnicity /</subfield>
    <subfield code="c">Iftikhar H. Malik.</subfield>
  </datafield>
  <datafield tag="260" ind1=" " ind2=" ">
    <subfield code="a">Houndmills, Basingstoke, Hampshire :</subfield>
    <subfield code="b">Macmillan Press ;</subfield>
    <subfield code="a">New York :</subfield>
    <subfield code="b">St. Martin's Press,</subfield>
    <subfield code="c">1997.</subfield>
  </datafield>
  <datafield tag="300" ind1=" " ind2=" ">
    <subfield code="a">xviii, 347 p. :</subfield>
    <subfield code="b">map ;</subfield>
    <subfield code="c">23 cm.</subfield>
  </datafield>
  <datafield tag="490" ind1="1" ind2=" ">
    <subfield code="a">St. Antony's series</subfield>
  </datafield>
  <datafield tag="500" ind1=" " ind2=" ">
    <subfield code="a">"In association with St Antony's College Oxford."</subfield>
  </datafield>
  <datafield tag="504" ind1=" " ind2=" ">
    <subfield code="a">Includes bibliographical references (p. 327-337) and index.</subfield>
  </datafield>
  <datafield tag="505" ind1="0" ind2="0">
    <subfield code="t">State and Civil Society: Conceptualisation --</subfield>
    <subfield code="g">1.</subfield>
    <subfield code="t">Dilemma of Political Culture, National Integration and Constitutionalism --</subfield>
    <subfield code="g">2.</subfield>
    <subfield code="t">Elite Formation, Politics of Ideology and Cooption --</subfield>
    <subfield code="g">3.</subfield>
    <subfield code="t">The Supremacy of the Bureaucracy and the Military --</subfield>
    <subfield code="g">4.</subfield>
    <subfield code="t">Feudalists in Politics: Trans-Regional Elitist Alliance --</subfield>
    <subfield code="g">5.</subfield>
    <subfield code="t">Unilateralism of the State: 'Invisible Government' at Work --</subfield>
    <subfield code="g">6.</subfield>
    <subfield code="t">State and Civil Society in Conflict --</subfield>
    <subfield code="g">7.</subfield>
    <subfield code="t">The Politics of Gender in Pakistan --</subfield>
    <subfield code="g">8.</subfield>
    <subfield code="t">Ethnicity, Nationalism and Nation-Building --</subfield>
    <subfield code="g">9.</subfield>
    <subfield code="t">Sindh: The Politics of Authority and Ethnicity --</subfield>
    <subfield code="g">10.</subfield>
    <subfield code="t">The Rise of the Muhajir Qaumi Movement and Ethnic Politics in Sindh.</subfield>
  </datafield>
  <datafield tag="520" ind1=" " ind2=" ">
    <subfield code="a">State and Civil Society in Pakistan analyses the enduring problems of governance as experienced in the predominantly Muslim polity of Pakistan in the context of an unequal relationship between the elitist state structure and weak civic institutions. The predicament is largely rooted in the unclear and mutually antagonistic relationship among the forces of authority, ideology and ethnicity.</subfield>
  </datafield>
  <datafield tag="520" ind1="8" ind2=" ">
    <subfield code="a">Whereas manipulation of Islamic symbols by various regimes has exacerbated sectarianism, their own specific regionalist preferences (Muhajir and Punjabi earlier, and now with a visible Punjabi and Pushtun dispensation) have only politicized ethnicity. Volatile ethnic pluralism in Sindh and its criminalization in Karachi are the latest spectre of uneven politics in this country where successive governments have insisted on administrative rather than compact and consensus-based politico-economic measures.</subfield>
  </datafield>
  <datafield tag="520" ind1="8" ind2=" ">
    <subfield code="a">Pakistan's difficulties with India help rationalize the continuity of an enormous defence establishment while significant areas like the judiciary, women's progress, education, health and press remain neglected, hampering the empowerment of civil society.</subfield>
  </datafield>
  <datafield tag="650" ind1=" " ind2="0">
    <subfield code="a">Ethnicity</subfield>
    <subfield code="z">Pakistan.</subfield>
  </datafield>
  <datafield tag="651" ind1=" " ind2="0">
    <subfield code="a">Pakistan</subfield>
    <subfield code="x">Politics and government.</subfield>
  </datafield>
  <datafield tag="651" ind1=" " ind2="0">
    <subfield code="a">Pakistan</subfield>
    <subfield code="x">Ethnic relations.</subfield>
  </datafield>
  <datafield tag="830" ind1=" " ind2="0">
    <subfield code="a">St. Antony's series.</subfield>
  </datafield>
  <datafield tag="900" ind1=" " ind2=" ">
    <subfield code="b">TOC</subfield>
  </datafield>
  <datafield tag="942" ind1=" " ind2=" ">
    <subfield code="2">ddc</subfield>
    <subfield code="c">BK</subfield>
  </datafield>
  <datafield tag="999" ind1=" " ind2=" ">
    <subfield code="c">16313</subfield>
    <subfield code="d">16313</subfield>
  </datafield>
  <datafield tag="952" ind1=" " ind2=" ">
    <subfield code="0">0</subfield>
    <subfield code="1">0</subfield>
    <subfield code="4">0</subfield>
    <subfield code="7">0</subfield>
    <subfield code="8">NFIC</subfield>
    <subfield code="a">CIPS</subfield>
    <subfield code="b">CIPS</subfield>
    <subfield code="c">GEN</subfield>
    <subfield code="d">2016-03-22</subfield>
    <subfield code="l">0</subfield>
    <subfield code="o">320.95491 MAL 1997</subfield>
    <subfield code="p">CIPS0002704</subfield>
    <subfield code="r">2016-03-22</subfield>
    <subfield code="w">2016-03-22</subfield>
    <subfield code="y">BK</subfield>
  </datafield>
</record>
